Teorie přirozeného jazyka Interdisciplinarita, aplikace, prognózy

Guardado en:
Detalles Bibliográficos
Autor principal: Kořenský, Jan
Formato: Libro
Lenguaje:checo
Publicado: Praha Academia 1989
Edición:1. vyd.
Etiquetas: Agregar Etiqueta
Sin Etiquetas, Sea el primero en etiquetar este registro!

MARC

LEADER 00000nam a2200000 4500
001 c034684
005 20221215120841.2
041 0 |a cze 
044 |a CZ 
245 1 0 |a Teorie přirozeného jazyka  |b Interdisciplinarita, aplikace, prognózy  |c Jan Kořenský 
250 |a 1. vyd. 
264 1 |a Praha  |b Academia  |c 1989 
300 |a 109 s. 
100 1 |a Kořenský, Jan